000 00253nam a22001097a 4500
999 _c167743
_d167743
082 _a
_b
100 _aChandra Sekhar
245 _aRitikaleen swachand kavyadhara/
_cby Chandra Sekhar.
260 _aNew Delhi:
_bRajpal,
_c
650 _a
942 _cBK